Applied anatomy and physiology:An interdisciplinary approach (Record no. 361498)

MARC details
000 -LEADER
fixed length control field 00540 a2200217 4500
005 - DATE & TIME
control field 20250328130028.0
008 - FIXED-LENGTH DATA ELEMENTS--GENERAL INFORMATION
fixed length control field 250328b |||||||| |||| 00| 0 eng d
020 ## - ISBN
International Standard Book Number 9780729543194
Price USD 61.95
040 ## - CATALOGING SOURCE
Original cataloging agency VIVEKANANDA LIBRARY
082 ## - DDC NUMBER
Classification number 612
Book Number T596A
100 ## - MAIN ENTRY--PERSONAL NAME
Personal name Tomkins, Zerina
110 ## - MAIN ENTRY--CORPORATE NAME
Corporate name
245 ## - TITLE STATEMENT
Title Applied anatomy and physiology:An interdisciplinary approach
260 ## - PUBLICATION, DISTRIBUTION, ETC. (IMPRINT)
Name of publisher, distributor, etc Elsevier
Date of publication, distribution, etc 2020
Place of publication, distribution, etc Australia
300 ## - PHYSICAL DESCRIPTION
Pages xix, 432
650 ## - Subject
Subject Anatomy
650 ## - Subject
Subject Physiology
650 ## - Subject
Subject Genes
650 ## - Subject
Subject Genomics
942 ## - ADDED ENTRY ELEMENTS (KOHA)
Koha item type Books
Holdings
Withdrawn status Lost status Source of classification or shelving scheme Damaged status Not for loan Location (home branch) Sublocation or collection (holding branch) Shelving location Date acquired Koha issues (times borrowed) Koha full call number Accession No. Koha date last seen Koha item type
    Dewey Decimal Classification     VIVEKANANDA LIBRARY VIVEKANANDA LIBRARY Vivekananda Library 18/02/2025   612 T596A 437597 18/02/2025 Books
© Designed and Maintained by Vivekananda Library, MDU Rohtak